|
|
|
|
| LEADER |
00000cam a2200000 a 4500 |
| 001 |
1/114052 |
| 008 |
170522s2003####gr ao ||| |||| ||gre|| |
| 020 |
|
|
|a 9600422370
|q (τ.Β)
|
| 040 |
|
|
|a GR-MyUa
|b gre
|c GR-MyUa
|e AACR2
|
| 041 |
0 |
|
|a gre
|
| 082 |
7 |
|
|a 938.76
|2 (23)
|
| 100 |
1 |
|
|a Χατζηπατέρας, Κώστας Ν.
|
| 245 |
1 |
0 |
|a Μαρτυρίες 41-44 :
|b η Αθήνα της κατοχής /
|c Κώστας Ν. Χατζηπατέρας, Μαρία Φαφαλιού-Δραγώνα.
|
| 260 |
|
|
|a Αθήνα :
|b Κέδρος,
|c 2003.
|
| 300 |
|
|
|a 413 σ. ;
|b εικ. ;
|c 30 εκ.
|
| 500 |
|
|
|a Τόμος Β.
|
| 504 |
|
|
|a Περιλαμβάνει ευρετήριο.
|
| 650 |
|
0 |
|a World War, 1939-1945
|z Greece
|z Athens.
|
| 650 |
|
0 |
|a World War, 1939-1945
|z Greece
|z Athens
|x Sources.
|
| 651 |
|
0 |
|a Athens (Greece)
|x History
|x Sources.
|
| 700 |
1 |
|
|a Φαφαλιού, Μαρία Σ.
|
| 852 |
|
|
|a INST
|b LESVOS
|e 20170522
|h 938.76 ΧΑΤ
|p 005100059258
|q 005100059258
|t BK
|v τομ.Β:
|y 4
|x 20210107
|
| 853 |
|
|
|a INST
|b LESVOS
|h 938.76 ΧΑΤ
|
| 970 |
|
|
|a Τζαφέρη
|b Ευαγγελία
|z 22-05-2017
|